00794naa#a2200205#i#4500001001600000005001700016011001400033100004100047102000700088200013200095210011000227215001000337608002700347675011000374700001700484700001900501700002000520700001800540856003000558EN\\bibl\11875020260417070951.5##a1994-4683##a20230428b2023####ek#y0engy0150####ca##aRU1#aINFLUENCE OF DEVELOPED NEURO-MUSCULAR SYSTEM OF STUDENTS ON THE PROCESS OF LEARNING THE TECHNIQUE OF SKI MOVESeJournal article1#aMoscowcNational State University of Physical Education, Sports and Health named after P.F. Lesgaftd2023##a4 с.##aJournal article2local##aЛыжный спорт. Бег на лыжах. Лыжные гонки. Лыжный кросс. 796.92#1aSivakovgV I#1aCHerkasovgI F#1aNikolskayagO B#1aSHklyaevgV V4#auchzapiski.lesgaft.spb.ru